000
00334nam a2200145Ia 4500
005
20251222152029.0
008
251222s9999||||xx |||||||||||||| ||spa||
020
_a
9788467233599
082
_a
863/P79
100
_a
Posadas, Carmen
245
0
_a
La Cinta Roja
250
_a
1ra.ed.
264
_b
CĂrculo de Lectores
942
_c
LIB
999
_c
25609
_d
25609